000 01217nam a22002897a 4500
003 OSt
005 20250911153342.0
008 240214b ||||| |||| 00| 0 eng d
040 _c0
082 _aDPer 621.317 Ie21 May 2022 v. 37 n. 5
100 _aXu, Chaoqun.
_eauthor.
_952338
245 _aA novel hybrid line commutated converter based on IGCT to mitigate commutation failure for High-Power HVdc application /
_cChaoqun Xu, Zhanqing Yu, Biao Zhao, Zhengyu Chen, Zongze Wang, Chunpin Ren, and Rong Zeng.
260 _aNew York ;
_bThe Institute of Electrical and Electronics Engineers, Inc. ,
_cMay 2022.
300 _aVolume 37, pages 4931-4936 :
_billustration ;
_c28 cm.
500 _aIEEE Transactions on Power Electronics, v. 37 n. 5, pages 4931-4936, May 2022.
650 0 _aBridge circuits.
_965909
650 0 _aThyristors.
_965924
650 0 _aTopology.
_965877
700 _aXu, Chaoqun.
_eauthor.
_952338
700 _aYu, Zhanqing.
_eauthor.
_952339
700 _aZhao, Biao.
_eauthor.
_952340
700 _aChen, Zhengyu.
_eauthor.
_952341
700 _aRen, Chunpin.
_eauthor.
_952342
700 _aWang, Zongze.
_eauthor.
_952343
700 _aZeng, Rong.
_eauthor.
_952344
942 _2ddc
_cPER
999 _c19141
_d19141